000 00504nam a2200181Ia 4500
005 20250508162231.0
008 008 250505s9999 xx 000 0 hin d
037 _aTextual
040 _aFEDL
_beng
_cFEDL
041 _ahin
_2eng
084 _a294.5, MAN
_qFEDL
100 _aShastri Mangal Deva
_9638228
245 0 _aBharatiya samskriti ka vikas
260 _aCalcutta, India
_bBhartiya Gyanpith
_c1970
300 _a414p.
942 _cTEXL
_h294.5, MAN
999 _c1375271
_d1375271